| 000 | 01073nam a22002657a 4500 | ||
|---|---|---|---|
| 005 | 20240305165443.0 | ||
| 007 | cr|||| ||u| | ||
| 008 | 160928s2016 Mx |||||o|||| 001 0 Spa d | ||
| 020 | _a978-607-440-923-9 | ||
| 035 | _a14336 | ||
| 040 | _avLex | ||
| 090 |
_c6244 _d6244 |
||
| 100 | 1 | _aPérez Chavez, José | |
| 245 | 1 |
_aLeyes Aduanales y de Comercio Exterior 2016 _h[Recurso electrónico] / _cJosé Pérez Chavez, Raymundo Fol Olguin. |
|
| 256 | _aServicio en línea | ||
| 300 | _a1 Recurso electrónico | ||
| 506 | 1 |
_avLex Global _dvLex Global (Academic Edition, excluding Law Schools) _dvLex Global (U.S. Academic Edition, Law Schools) _dvLex Global (U.S. Academic Edition, excluding Law Schools) _dvLex Global (Academic Edition, Law Schools) |
|
| 650 | 0 | 4 |
_2Derecho fiscal _zMéxico |
| 650 | 0 | 4 |
_2Derecho mercantil _zMéxico |
| 650 | 0 | 4 |
_2Comercio exterior _zMéxico |
| 700 | 1 | _aFol Olguin, Raymundo | |
| 740 | 0 | _avLex libros (servicio en línea) | |
| 856 | 4 | 0 | _uhttps://app.vlex.com/#/sources/leyes-aduanales-comercio-exterior-2016-14336 |
| 942 | _cRAA | ||
| 999 |
_c164508 _d164508 |
||